Responses for Show #7070 - Friday, May 15, 2015

2015 Celebrity Jeopardy! game 5.

Contestants

[<< previous game]

Penn Jillette, a magician and illusionist from Las Vegas

Cynthia Rowley, a designer from Project Runway and Design Star

Zachary Quinto, an actor from 24, Heroes, American Horror Story, Star Trek, and The Glass Menagerie

[next game >>]

Jeopardy! Round responses

POP CULTURE
THAT'S SWELL
FINE FOOD
VULCANOLOGY
CONTINENTS BY COUNTRY
"BULL" ____
(Penn: I know about that!)
    $200 1
an M&M

Zachary
    $200 8
the endangered species list

Cynthia
    $200 14
oysters

Penn
    $200 13
extinct

Cynthia
    $200 3
(Penn: [Selecting the clue] I'll take, uh, "BULL" [bleep] for $200.)
[Laughter]
(Alex: Uh, all right.)

the bullpen

Cynthia
    $400 2
Neil Patrick Harris

Penn
    $400 9
Queen Elizabeth II

Triple Stumper
    $400 19
the avocado

Penn
    $400 15
the Pacific Ocean

Zachary
    $400 4
a bulldog

Zachary
    $600 12
AC/DC

Penn
    $600 10
Sochi

Zachary
    $600 21
the palate

Cynthia
    $600 20
the Andes

Penn
    $600 5
bull's-eye

Cynthia
    $800 16
Kate Middleton

Zachary
    $800 11
Cuba

Triple Stumper
    $800 22
Yorkshire pudding

Triple Stumper
    $500 6
the bullet train

Cynthia
    $1000 17
(Penn: Um, who is--I just blanked at his name. Um... uh...)
(Alex: Ooh, you took long--)
(Penn: [*]--who is [*]?)
(Alex: Yeah, but you took too long. Sorry, Penn.)
(Penn: Oh, okay.)
(Alex: Back to Zachary.)
(Penn: And he's a friend of mine.)
(Alex: You got it right, though.)

Stephen Fry

Penn
Triple Stumper
    $1000 18
(Alex: She is the one, with a minute to go.)

Naomi Campbell

Zachary
    $1000 23
[The end-of-round signal sounds.]

biscotti

Cynthia
    $1000 7
(Penn: What is the Bully Party?)
...
(Alex: What is [*]? Though Teddy did say "Bully".)

the Bull Moose Party

Penn
Triple Stumper

Scores at the first commercial break (after clue 15):

Zachary Cynthia Penn
$1,600 $1,700 $200

Scores at the end of the Jeopardy! Round:

Zachary Cynthia Penn
$3,400 $3,300 $200

Double Jeopardy! Round responses

THE PEN IS MIGHTIER
THE STAR OF OSCAR'S BEST PICTURE
(Alex: We'll give you the star.)
ON THE RUNWAY
QUOTABLE QUOTES
HE GREW UP TO BE PRESIDENT
QUINT-O-SENTIAL
    $400 1
Steinbeck

Penn
    $400 22
(Alex: A minute to go now.)

Rocky

Penn
    $400 17
(Penn: [Protesting at being beaten at the buzzer] I--I had it.)

Las Vegas

Zachary
    $400 8
the Declaration of Independence

Penn
    $400 16
Ronald Reagan

Cynthia
    $400 3
(Zachary: What is the Talmud?)

Genesis

Zachary
Triple Stumper
    $800 2
The Three Musketeers

Penn
    $800 21
(Zachary: What is Field of Dreams?)

Dances with Wolves

ZacharyCynthia
    $800 25
Poland

Zachary
    $800 9
thin

Penn
    $800 23
Jimmy Carter

Cynthia
    $800 4
Reese Witherspoon

Zachary
    $1200 12
(Anton) Chekhov

Penn
    $1200 20
The King's Speech

Zachary
    $1200 26
LaGuardia

Zachary
    $1200 10
heaven

Zachary
    $1200 5
accounting

Triple Stumper
    $3,400 13
(Penn: I love you! What is Moby-Dick? Oh, no--[*]! What is [*]?)
(Alex: Thank you for correcting yourself so quickly.)
[Penn walks out from behind his lectern, over to the side of the lecterns at the front of the stage, puts his head down on his lectern, and walks back again.]

Ahab

Penn
    $1600 19
Platoon

Penn
    $1600 27
Orly

Cynthia
    $1600 11
Vince Lombardi

Penn
    $1600 6
(Cynthia: What is X?)

NC-17

ZacharyCynthia
    $2000 14
Edgar Allan Poe

Penn
    $2000 18
Patton

Zachary
    $2000 24
Galileo

Penn
    $2000 15
Kissinger

Penn
    $2000 28
[The end-of-round signal sounds.]

Lyndon Baines Johnson

Triple Stumper
    $2000 7
The Art of War

Penn

Scores at the end of the Double Jeopardy! Round:

Zachary Cynthia Penn
$11,400 $5,300 $18,800

[wagering suggestions for these scores]

Final Jeopardy! Round responses

CELEBRITY MEMOIRS
(Alex: This was a little tough, but if you remembered the film Dirty Dancing, it would have helped immensely.)
...
(Penn: But I still win, so who cares?)
...
(Penn: [To the audience, upon winning] You call that applause?! You call that applause?!)
CynthiaWho i
$2,000
ZacharyWho was jason Robards.
$11,400
PennWho is Leonard Nimoy?
$5,000
Patrick Swayze

Final scores:

Zachary Cynthia Penn
$0 $3,300 $13,800
3rd place: $10,000 to Direct Relief 2nd place: $10,000 shared between Public Art Fund Inc. and FEED Foundation Inc. Winner: $50,000 to Opportunity Village Foundation

Game dynamics:

Coryat scores:

Zachary Cynthia Penn
$11,400 $5,600 $17,000
14 R,
2 W
11 R
(including 1 DD),
1 W
18 R
(including 1 DD),
2 W

Combined Coryat: $34,000

[game clues] [game scores] [suggest correction]

Game tape date: Unknown
The J! Archive is created by fans, for fans. Scraping, republication, monetization, and malicious use prohibited; this site may use cookies and collect identifying information. See terms. The Jeopardy! game show and all elements thereof, including but not limited to copyright and trademark thereto, are the property of Jeopardy Productions, Inc. and are protected under law. This website is not affiliated with, sponsored by, or operated by Jeopardy Productions, Inc. Join the discussion at JBoard.tv.